Liberalizácia otvára nové možnosti
Slovenské elektrárne, a.s. v procese reštrukturalizácie. Náplň, priority a etapy reštrukturalizácie. Plánované zmeny v organizácii, zníženie počtu pracovníkov. Postupné odstavenie dvoch blokov jadrovej elektrárne v Jaslovských Bohuniciach v rokoch 2006 a 2008. Budúcnosť jadrovej energetiky na Sloven...
Gespeichert in:
| 1. Verfasser: | |
|---|---|
| Weitere Verfasser: | |
| Format: | Buchkapitel |
| Sprache: | Slowakisch |
| Schlagworte: | |
| Tags: |
Keine Tags, Fügen Sie das erste Tag hinzu!
|
MARC
| LEADER | 00000naa$a2200000$$$4500 | ||
|---|---|---|---|
| 001 | 0025826 | ||
| 005 | 20231006120344.9 | ||
| 041 | 0 | |a slo | |
| 044 | |a SK | ||
| 245 | 1 | 0 | |a Liberalizácia otvára nové možnosti |c Juraj Filin, Jana Kaplanová |
| 520 | |a Slovenské elektrárne, a.s. v procese reštrukturalizácie. Náplň, priority a etapy reštrukturalizácie. Plánované zmeny v organizácii, zníženie počtu pracovníkov. Postupné odstavenie dvoch blokov jadrovej elektrárne v Jaslovských Bohuniciach v rokoch 2006 a 2008. Budúcnosť jadrovej energetiky na Slovensku. Rozhovor s riaditeľkou odboru komunikácie SE Janou Kaplanovou. | ||
| 610 | 2 | 0 | |a elektroenergetika |
| 610 | 2 | 0 | |a liberalizácia |
| 610 | 2 | 0 | |a reštrukturalizácia |
| 610 | 2 | 0 | |a energia atómová |
| 610 | 2 | 0 | |a Slovensko |
| 610 | 2 | 0 | |a Slovenské elektrárne |
| 100 | 1 | |a Filin, Juraj | |
| 700 | 1 | |a Kaplanová, Jana | |